The teaching profession in the 21st century (Record no. 8782)

MARC details
000 -LEADER
fixed length control field 00695nam a22002177a 4500
003 - CONTROL NUMBER IDENTIFIER
control field OSt
005 - DATE AND TIME OF LATEST TRANSACTION
control field 20260309085650.0
008 - FIXED-LENGTH DATA ELEMENTS--GENERAL INFORMATION
fixed length control field 260309b |||||||| |||| 00| 0 eng d
020 ## - INTERNATIONAL STANDARD BOOK NUMBER
International Standard Book Number 978-971-9655-40-4
040 ## - CATALOGING SOURCE
Original cataloging agency DWCL Main lib
Transcribing agency OC
082 ## - DEWEY DECIMAL CLASSIFICATION NUMBER
Classification number Fil. 371.1 S243t 2024
100 ## - MAIN ENTRY--PERSONAL NAME
Personal name Sarandi, Darwin A.
245 ## - TITLE STATEMENT
Title The teaching profession in the 21st century
Statement of responsibility, etc. Darwin A. Sarandi
260 ## - PUBLICATION, DISTRIBUTION, ETC.
Place of publication, distribution, etc. Manila, Philippines:
Name of publisher, distributor, etc. Mindshapers,
Date of publication, distribution, etc. c2024.
300 ## - PHYSICAL DESCRIPTION
Extent x, 142 pages:
Other physical details illustrations;
Dimensions 25 cm.
504 ## - BIBLIOGRAPHY, ETC. NOTE
Bibliography, etc. note Includes bibliographical references.
650 ## - SUBJECT ADDED ENTRY--TOPICAL TERM
Topical term or geographic name entry element 1. Teaching.
650 ## - SUBJECT ADDED ENTRY--TOPICAL TERM
Topical term or geographic name entry element 2. Education--study and teaching.
700 ## - ADDED ENTRY--PERSONAL NAME
Personal name Michael R. Babao
942 ## - ADDED ENTRY ELEMENTS (KOHA)
Source of classification or shelving scheme Dewey Decimal Classification
Koha item type Book-Filipiniana
Call number prefix Fil.
Suppress in OPAC No
952 ## - LOCATION AND ITEM INFORMATION (KOHA)
--
Holdings
Withdrawn status Lost status Source of classification or shelving scheme Damaged status Not for loan Home library Current library Shelving location Date acquired Source of acquisition Cost, normal purchase price Total Checkouts Full call number Barcode Date last seen Copy number Price effective from Koha item type Uniform Resource Identifier
    Dewey Decimal Classification     College Library College Library Filipiniana 03/09/2026 School Fund 375.00   Fil. 371.1 S243t 2024 CL54663 03/09/2026 c1 03/09/2026 BK - FIL